| 000 | 01429cam a2200337 4500 | ||
|---|---|---|---|
| 001 | ##L133911 | ||
| 008 | 060619n2006 000 0 eng u | ||
| 020 | _a0110744128 | ||
| 035 | _a(Sirsi) u133911 | ||
| 041 | 0 | _aeng | |
| 245 | 0 | 4 | _aThe Waste Management (England and Wales) Regulations 2006 |
| 260 |
_aLondon _bTSO _c2006 |
||
| 490 | 0 |
_aSI _v2006: 937 |
|
| 520 | _aImplement in part in England and Wales the waste framework directive (Directive 75/442/EEC) and the landfill directive (Directive 1999/31/EC). Amend the Environment Act 1990 ss33, 33B, 33C, 63 and 75. | ||
| 650 | 2 | 4 | _aWASTE MANAGEMENT (ENGLAND AND WALES) REGULATIONS 2006 |
| 650 | 2 | 4 | _aDIRECTIVE 75/442/EEC |
| 650 | 2 | 4 | _aDIRECTIVE 1999/31/EC |
| 650 | 2 | 4 | _aENVIRONMENT ACT 1990 S33 |
| 650 | 2 | 4 | _aENVIRONMENT ACT 1990 S33B |
| 650 | 2 | 4 | _aENVIRONMENT ACT 1990 S33C |
| 650 | 2 | 4 | _aENVIRONMENT ACT 1990 S63 |
| 650 | 2 | 4 | _aENVIRONMENT ACT 1990 S75 |
| 650 | 2 | 4 | _aENVIRONMENT ACT 1995 |
| 650 | 2 | 4 | _aCONTROLLED WASTE REGULATIONS 1992 |
| 650 | 2 | 4 | _aCONTROLLED WASTE (REGISTRATION OF CARRIERS AND SEIZURE OF VEHICLES) REGULATIONS 1991 |
| 650 | 2 | 4 | _aWASTE MANAGING LICENSING REGULATIONS 1994 SCHED 4 |
| 651 | 4 |
_aEngland and Wales _y1543- |
|
| 690 | _aENVIRONMENTAL AND LAND CONSULTANCY-WASTE MANAGEMENT | ||
| 856 | 4 | 0 |
_uhttps://www.opsi.gov.uk/si/si2006/20060937.htm _zView the Statutory Instrument free of charge at www.opsi.gov.uk... |
| 942 | _n0 | ||
| 999 |
_c105506 _d105506 |
||